| 000 | 00453nam a22001817a 4500 | ||
|---|---|---|---|
| 003 | NUST - PNEC | ||
| 005 | 20170116181031.0 | ||
| 008 | 150919b xxu||||| |||| 00| 0 eng d | ||
| 020 | _a3540539603 | ||
| 020 | _a0387539603 | ||
| 040 | _cLIBRARY | ||
| 082 | _a621.483 LEE | ||
| 100 |
_911097 _aLee, R. |
||
| 245 |
_aNuclear engineering : An introduction _cR. Lee |
||
| 260 | _cc.1992 | ||
| 650 |
_911098 _aNuclear engineering _xEL |
||
| 942 |
_2ddc _cBK |
||
| 999 |
_c67745 _d67745 |
||